[Event "Kesan op 15th"]
[Site "Kesan"]
[Date "2017.08.17"]
[Round "7"]
[White "Rahmanov, Shahriyar Teymur Og"]
[Black "Seyhanoglu, Deniz"]
[Result "0-1"]
[WhiteElo "2327"]
[BlackElo "2060"]
[PlyCount "96"]
[EventDate "2017.08.13"]
[EventType "swiss"]
[EventRounds "9"]
[EventCountry "TUR"]
[SourceTitle "CBM 180 Extra"]
[Source "ChessBase"]
[SourceDate "2017.10.06"]
[SourceVersion "1"]
[SourceVersionDate "2017.10.06"]
[SourceQuality "1"]

1. d4 d5 2. c4 e6 3. Nc3 c5 4. cxd5 exd5 5. Nf3 Nc6 6. g3 Nf6 7. Bg2 Be7 8. 0-0 0-0 9. Bg5 c4 10. Ne5 Be6 11. b3 Qa5 12. Nxc6 bxc6 13. Qd2 Rfd8 14. bxc4 dxc4 15. Bxc6 Rac8 16. Bg2 Rd7 17. Bxf6 Bxf6 18. e3 h5 19. h3 Bf5 20. Rfc1 Qa3 21. Nd5 Bd8 22. Qc3 Qa4 23. Qb4 Qxb4 24. Nxb4 Rd6 25. Nd5 Ba5 26. Nc3 Kf8 27. Bf1 Rb6 28. Na4 Rbc6 29. Nc5 Rxc5 30. dxc5 c3 31. Bg2 Rxc5 32. e4 Bd7 33. a4 Be6 34. Bf1 c2 35. Bd3 Bb3 36. Kf1 Bd2 37. Ke2 Bxc1 38. Rxc1 Bxa4 39. Kd2 a5 40. f4 Ke7 41. g4 hxg4 42. hxg4 Bb3 43. g5 Ke6 44. Rh1 a4 45. Ra1 Kd6 46. g6 fxg6 47. e5+ Ke6 48. Bxg6 Rd5+ 0-1

[Event "TUR-chT 2nd League"]
[Site "Konya"]
[Date "2017.07.22"]
[Round "8.4"]
[White "Seyhanoglu, Deniz"]
[Black "Ataseven, Eren"]
[Result "1-0"]
[WhiteElo "2049"]
[BlackElo "1662"]
[PlyCount "97"]
[EventDate "2017.07.17"]
[EventType "team-swiss"]
[EventRounds "9"]
[EventCountry "TUR"]
[SourceTitle "CBM 179 Extra"]
[Source "ChessBase"]
[SourceDate "2017.08.23"]
[SourceVersion "1"]
[SourceVersionDate "2017.08.23"]
[SourceQuality "1"]
[WhiteTeam "Istanbul Moda"]
[BlackTeam "Eskiseh Tasci"]
[WhiteTeamCountry "TUR"]
[BlackTeamCountry "TUR"]

1. e4 c5 2. Nf3 Nc6 3. d4 cxd4 4. Nxd4 Nf6 5. Nc3 g6 6. Nde2 Bg7 7. g3 b5 8. a3 Rb8 9. Bg2 0-0 10. 0-0 a6 11. Re1 Ne5 12. h3 d6 13. Rb1 Qc7 14. Nd5 Nxd5 15. exd5 e6 16. Nf4 Re8 17. b3 Bb7 18. Bb2 Rbc8 19. Re2 a5 20. Rd2 Rcd8 21. Re2 Ba6 22. Rd2 Bb7 23. Bd4 Ba6 24. Kh1 Kh8 25. Qc1 Nd7 26. Bxg7+ Kxg7 27. dxe6 fxe6 28. Qb2+ Nf6 29. Re1 e5 30. Nd5 Nxd5 31. Bxd5 Bb7 32. Kh2 Rf8 33. f4 Bxd5 34. Rxd5 Qb6 35. Rd2 Kg8 36. b4 a4 37. Qa2+ d5 38. Rxe5 Rf5 39. Rxf5 gxf5 40. c3 Kf8 41. Qc2 Qf6 42. Qd3 Kg8 43. Re2 d4 44. cxd4 Rxd4 45. Qxb5 Re4 46. Rc2 Qe6 47. h4 h6 48. Qb8+ Kg7 49. Qb7+ 1-0

[Event "TUR Cup"]
[Site "Antalya"]
[Date "2017.02.04"]
[Round "11"]
[White "Daghan, Devran"]
[Black "Seyhanoglu, Deniz"]
[Result "1-0"]
[WhiteElo "1964"]
[BlackElo "2057"]
[PlyCount "49"]
[EventDate "2017.01.28"]
[EventType "swiss"]
[EventRounds "11"]
[EventCountry "TUR"]
[SourceTitle "CBM 176 Extra"]
[Source "ChessBase"]
[SourceDate "2017.03.02"]
[SourceVersion "1"]
[SourceVersionDate "2017.03.02"]
[SourceQuality "1"]

1. e4 c5 2. Nc3 e6 3. g3 Nc6 4. Bg2 g6 5. d3 Bg7 6. Be3 d6 7. Qd2 Nd4 8. Nd1 Rb8 9. c3 Nc6 10. Ne2 b5 11. f4 Nge7 12. 0-0 0-0 13. f5 exf5 14. exf5 Bxf5 15. Rxf5 gxf5 16. Bh6 Ne5 17. Bxg7 Kxg7 18. Ne3 Kh8 19. Rf1 f6 20. Nf4 Qd7 21. Nfd5 Nxd5 22. Bxd5 Rbe8 23. Nxf5 Ng6 24. Qh6 Re5 25. Nh4 1-0

[Event "TUR Cup"]
[Site "Antalya"]
[Date "2017.02.03"]
[Round "10"]
[White "Seyhanoglu, Deniz"]
[Black "Dogan, Ali Ekber"]
[Result "1/2-1/2"]
[WhiteElo "2057"]
[BlackElo "2176"]
[PlyCount "141"]
[EventDate "2017.01.28"]
[EventType "swiss"]
[EventRounds "11"]
[EventCountry "TUR"]
[SourceTitle "CBM 176 Extra"]
[Source "ChessBase"]
[SourceDate "2017.03.02"]
[SourceVersion "1"]
[SourceVersionDate "2017.03.02"]
[SourceQuality "1"]

1. c4 g6 2. g3 Bg7 3. Bg2 Nf6 4. Nc3 0-0 5. e3 d6 6. Nge2 e5 7. d3 Nc6 8. 0-0 Be6 9. Nd5 Bxd5 10. cxd5 Ne7 11. Qb3 Rb8 12. Bd2 c6 13. dxc6 bxc6 14. Qa3 Qd7 15. Rac1 Rfc8 16. Rc2 Nfd5 17. Qa4 Nb6 18. Qa6 Nbd5 19. Qa4 Nb6 20. Qa6 c5 21. Rfc1 Qa4 22. Qxa4 Nxa4 23. b3 Nb6 24. b4 Na4 25. bxc5 Rxc5 26. Rxc5 Nxc5 27. d4 exd4 28. exd4 Ne6 29. Bc3 Nf5 30. Rd1 h5 31. h3 Rb6 32. Bd5 Nc7 33. Be4 Ra6 34. Rd2 Ra4 35. Bxf5 gxf5 36. d5 Bh6 37. f4 h4 38. Kg2 hxg3 39. Kxg3 Ra3 40. Kh4 a5 41. Bf6 Kh7 42. Be7 Ne8 43. Rc2 Re3 44. Bg5 Bg7 45. Bd8 a4 46. Ng3 Rd3 47. Nxf5 Rxd5 48. Nxg7 Nxg7 49. Kg4 Rd3 50. Bf6 Kg6 51. Bxg7 Kxg7 52. h4 a3 53. Rh2 Kh6 54. Kf5 Rf3 55. Ke4 Rc3 56. Kd5 Rd3+ 57. Ke4 Rc3 58. Kd4 Rc5 59. Rh3 Ra5 60. h5 f5 61. Kc4 Ra4+ 62. Kd5 Rxf4 63. Kxd6 Ra4 64. Ke5 f4 65. Kf5 f3 66. Rxf3 Ra5+ 67. Kg4 Ra4+ 68. Kf5 Ra5+ 69. Kg4 Ra4+ 70. Kf5 Ra5+ 71. Ke4 1/2-1/2

[Event "TUR Cup"]
[Site "Antalya"]
[Date "2017.01.29"]
[Round "3"]
[White "Seyhanoglu, Deniz"]
[Black "Ibik, Halit Yavuz"]
[Result "1/2-1/2"]
[WhiteElo "2057"]
[BlackElo "1839"]
[PlyCount "113"]
[EventDate "2017.01.28"]
[EventType "swiss"]
[EventRounds "11"]
[EventCountry "TUR"]
[SourceTitle "CBM 176 Extra"]
[Source "ChessBase"]
[SourceDate "2017.03.02"]
[SourceVersion "1"]
[SourceVersionDate "2017.03.02"]
[SourceQuality "1"]

1. c4 c5 2. g3 g6 3. Bg2 Bg7 4. e3 Nc6 5. Ne2 e5 6. Nbc3 Nge7 7. 0-0 0-0 8. a3 d6 9. Rb1 Be6 10. Nd5 Rb8 11. b4 b5 12. cxb5 Bxd5 13. Bxd5 Nxd5 14. bxc6 cxb4 15. Qa4 a5 16. d3 Qc7 17. Bd2 Rfc8 18. Rfc1 bxa3 19. Bxa5 Qa7 20. Rxb8 Qxb8 21. Qxa3 Qb5 22. Bd2 Bf8 23. e4 Nb6 24. Qa5 Qxd3 25. Qxb6 Qxd2 26. Kf1 Qg5 27. h4 Qg4 28. Nc3 Kg7 29. Kg2 d5 30. f3 Qe6 31. Nxd5 Bd6 32. c7 Qd7 33. Qc6 Qe6 34. Qb7 Qd7 35. Rc6 Ba3 36. Qxc8 Qxc6 37. Qh3 Qc2+ 38. Kh1 Qc1+ 39. Kh2 Qc2+ 40. Qg2 Qc6 41. Qa2 Bd6 42. Qa7 Qc2+ 43. Kh3 h5 44. Qb6 Qc1 45. Kg2 Qc2+ 46. Qf2 Qc6 47. Qa7 Qc2+ 48. Qf2 Qc6 49. Qb2 Bxc7 50. Qc3 Qxc3 51. Nxc3 Kh6 52. Nd5 Bd8 53. Kh3 f5 54. Ne3 fxe4 55. fxe4 g5 56. Nc4 Bf6 57. Ne3 1/2-1/2